Oxides and oxide films /

Bibliographic Details
Main Author: Diggle, John W.
Other Authors: Vijh, Ashok K.
Format: Book
Language:English
Published: New York : M. Dekker, 1972-
Series:Anodic behavior of metals and semiconductors series.
Subjects:

MARC

Tag First Indicator Second Indicator Subfields
LEADER 00000cam a2200000 4500
001 in00000071875
005 20151008062433.0
008 730129m19721981nyua b 00010 eng
010 |a  72083120  
020 |a 0824711432 (v. 1) 
035 |a (OCoLC)00572122 
035 |9 AAK0225AM 
040 |a DLC  |c DLC  |d TXA  |d UtOrBLW 
049 |a TXAM  |v 1 [1147841]  |v 2 [1573790]  |v 3 [1571317]  |v 4 [1139103]  |v 5 [1417579]  |v 6 [1501130] 
050 0 0 |a QD561  |b .D54 
082 0 |a 546/.721/2 
100 1 |a Diggle, John W. 
245 1 0 |a Oxides and oxide films /  |c Edited by John W. Diggle. 
264 1 |a New York :  |b M. Dekker,  |c 1972- 
264 4 |c ©1981 
300 |a 6 volumes :  |b illustrations ;  |c 24 cm. 
336 |a text  |b txt  |2 rdacontent 
337 |a unmediated  |b n  |2 rdamedia 
338 |a volume  |b nc  |2 rdacarrier 
490 1 |a The Anodic behavior of metals and semiconductors series 
500 |a Volumes 3-4 edited by J.W. Diggle and A.K. Vijh; volumes 5-<6 > edited by A.K. Vijh. 
504 |a Includes bibliographies. 
650 0 |a Metallic oxides. 
650 0 |a Metallic films. 
650 0 |a Metals  |x Anodic oxidation. 
700 1 |a Vijh, Ashok K. 
830 0 |a Anodic behavior of metals and semiconductors series. 
999 |a MARS 
999 f f |s 07b8a784-29a0-3200-83ae-426b89e3c005  |i c4701976-1367-3b23-99af-f56e3209797a  |t 0 
952 f f |p ric  |a Texas A&M University  |b Rellis Campus  |c Joint Library Facility  |s JLF  |d Remote Storage  |t 0  |e QD561 .D54  |h Library of Congress classification  |i unmediated -- volume  |k v.6  |m A14806212864 
952 f f |p ric  |a Texas A&M University  |b Rellis Campus  |c Joint Library Facility  |s JLF  |d Remote Storage  |t 0  |e QD561 .D54  |h Library of Congress classification  |i unmediated -- volume  |k v.4  |m A14806212848 
952 f f |p ric  |a Texas A&M University  |b Rellis Campus  |c Joint Library Facility  |s JLF  |d Remote Storage  |t 0  |e QD561 .D54  |h Library of Congress classification  |i unmediated -- volume  |k v.3  |m A14806212830 
952 f f |p ric  |a Texas A&M University  |b Rellis Campus  |c Joint Library Facility  |s JLF  |d Remote Storage  |t 0  |e QD561 .D54  |h Library of Congress classification  |i unmediated -- volume  |k v.5  |m A14806212856 
952 f f |p ric  |a Texas A&M University  |b Rellis Campus  |c Joint Library Facility  |s JLF  |d Remote Storage  |t 0  |e QD561 .D54  |h Library of Congress classification  |i unmediated -- volume  |k v.1  |m A14806212814 
952 f f |p ric  |a Texas A&M University  |b Rellis Campus  |c Joint Library Facility  |s JLF  |d Remote Storage  |t 0  |e QD561 .D54  |h Library of Congress classification  |i unmediated -- volume  |k v.2  |m A14806212822 
998 f f |a QD561 .D54  |s v.1-v.6  |t 0  |l Remote Storage